| 000 | 01028nam a2200229 4500 | ||
|---|---|---|---|
| 001 | 76368 | ||
| 003 | BD-RjUL | ||
| 005 | 20211209082830.0 | ||
| 008 | 191127s2016 bg ||||| |||| 00| 0 ben d | ||
| 020 | _a9789849201564 | ||
| 035 | _a(BD-RjUL)76589 | ||
| 040 |
_aBD-RjUL _beng _cBD-RjUL |
||
| 041 | _aben | ||
| 082 |
_223 _a954.9205092 _bKHB 2016 |
||
| 100 |
_aখান, জাহিদ নেওয়াজ _9235665 |
||
| 245 | 1 | 0 |
_aবঙ্গবন্ধু হত্যাকাণ্ড : _bসামরিক ও গোয়েন্দা ব্যর্থতার প্রামাণ্য দলিল / _cজাহিদ নেওয়াজ খান |
| 260 |
_aঢাকা : _bশ্রাবন প্রকাশনী, _c২০১৬ |
||
| 300 |
_a৭৮ পৃ.; _c২২ সেমি. |
||
| 600 |
_aমুজিবুর রহমান, _cশেখ, _d১৯২০-১৯৭৫ _xহত্যা _9235672 |
||
| 600 |
_aMujibur Rahman, _cSheikh, _d1920-1975 _xAssassination. _9235673 |
||
| 942 |
_2ddc _cBK |
||
| 999 |
_c76368 _d76368 |
||